[Geometry Dash] GDDP Bonus Pack Demons - Statistics

General Stats
  • This quiz has been taken 27 times
  • The average score is 43 of 149
Answer Stats
Pack Answer % Correct
The Sonic Series HyperSonic
100%
RGB | Sonic Wave Series Sonic Wave
100%
The Sonic Series SubSonic
100%
The Sonic Series Supersonic
100%
RGB Erebus
92%
Invisible Pack Invisible Deadlocked
92%
The AeonAir Pack To The Stars
92%
The AeonAir Pack To The Stars II
92%
The Sonic Series UltraSonic
92%
RGB | The Trusta Pack Yatagarasu
92%
The Hell Trilogy Bloodbath
83%
The Temple Series ΔΔΔ Fire Temple
83%
Kria Pack | The Temple Series ΔΔΔ Forest Temple
83%
The Temple Series ΔΔΔ Lava Temple
83%
The Plasma Pack Plasma Pulse
83%
The Plasma Pack Plasma Pulse Finale
83%
The Plasma Pack Plasma Pulse II
83%
The Plasma Pack Plasma Pulse III
83%
The Trusta Pack Sakupen Hell
83%
Sonic Wave Series Sonic Wave Infinity
83%
Sonic Wave Series Sonic Wave Rebirth
83%
The Trusta Pack WOW
83%
The Hell Trilogy aftermath
75%
Sonic Wave Series Auditory Breaker
75%
The Hell Trilogy Cataclysm
75%
The Temple Series ΔΔΔ Desert Temple
75%
Sonic Wave Series Generic Wave
75%
Memory Master Killbot
75%
The Temple Series ΔΔΔ Shadow Temple
75%
The Temple Series ΔΔΔ Water Temple
75%
The AeonAir Pack time pressure
67%
Memory Master Nhelv
58%
The Lightwave Pack Infrared
50%
The Lightwave Pack Ultraviolet
50%
#GD10 Change of Scene
42%
The Lightwave Pack Gammaray
42%
Invisible Pack M A N I X
42%
GDDL 1 The Nightmare
42%
XXL Boogie
33%
GDDL 2 Future Funk
33%
The Speedrun Pack speequ
33%
Memory Master super probably level
33%
#GD10 White Space
33%
The Speedrun Pack Ballin
25%
The Trusta Pack Berserk
25%
XXL Dream Travel
25%
XXL Hypnotic Travel
25%
Memory Master Maybe Possibly Thing
25%
Memory Novice MEMORY
25%
The AeonAir Pack neon sawblade
25%
Memory Master Requiem
25%
#GD10 | GDDL 1 Temple of Time
25%
XXL The Long Walk Home
25%
The AeonAir Pack Antimatter
17%
2-Player Solo Pack ARRE Robot
17%
#GD10 CraZy II
17%
Invisible Pack Crossroads
17%
#GD10 demon park
17%
Kria Pack Dream flower
17%
12 Demons of Christmas Error
17%
Invisible Pack follow me
17%
The AeonAir Pack FunkStep
17%
#GD10 InsanitY
17%
Memory Master Marathon
17%
Nine Circles Pack Ratio Circles
17%
Nine Circles Pack Solar Circles
17%
1.9 GDPS Pack TENTEN
17%
Memory Master Triple Six
17%
12 Demons of Christmas ZXCircleS
17%
Kria Pack 1 train
8%
12 Demons of Christmas abgehoben
8%
GDDL 2 Aleph 0
8%
The Coder Pack All big
8%
The Coder Pack All small
8%
1.9 GDPS Pack Azurite
8%
12 Demons of Christmas BREAKER ROOM
8%
XXL By Day By Night
8%
#GD10 CastleMania
8%
Nine Circles Pack cerebral hemorrhage
8%
The AeonAir Pack ClubForce
8%
Memory Novice COLOR CRUSHER
8%
GDDL 2 Colorful OverNight
8%
#GD10 Crazy Bolt
8%
Kria Pack Dem Travel
8%
1.9 GDPS Pack energy overflow
8%
GDDL 1 Extinction
8%
Memory Expert Fake A Might
8%
The Speedrun Pack Feral
8%
Nine Circles Pack Fnafbass
8%
2-Player Solo Pack Halibut Cannon
8%
12 Demons of Christmas Horizon
8%
2-Player Solo Pack Hot Wheelers
8%
#GD10 Iridescent
8%
Kria Pack Lost Love
8%
The AeonAir Pack MADHOUSE
8%
Memory Master MadMansion
8%
GDDL 2 Night Life
8%
The Speedrun Pack nyoom
8%
GDDL 2 ObamA RebirtH
8%
The Coder Pack Polychromatic
8%
The AeonAir Pack Possessed
8%
The AeonAir Pack project EX
8%
1.9 GDPS Pack Project Reunion
8%
The Trusta Pack REVOLT
8%
GDDL 2 Rupture
8%
GDDL 2 SFW
8%
GDDL 1 Sky Tower
8%
GDDL 1 Slap Squad II
8%
Kria Pack SorryForPartyRocking
8%
The Coder Pack Space Invaders II
8%
The Speedrun Pack spwipi
8%
GDDL 2 TOE III
8%
GDDL 1 Ultimate Circles
8%
#GD10 Ultimate Demon Mix
8%
Nine Circles Pack Zacarias
8%
2-Player Solo Pack Absolute Meltdown
0%
The Coder Pack Black Flag
0%
12 Demons of Christmas Born Survivor
0%
12 Demons of Christmas Carne Aderunt
0%
12 Demons of Christmas Confetti
0%
12 Demons of Christmas Cosmic Dreamer V2
0%
Kria Pack Deadly Impact
0%
Memory Expert dim descent
0%
12 Demons of Christmas Endless Descent
0%
Memory Novice Extreme AnnoPark
0%
Invisible Pack footnotes
0%
Memory Novice Gigas Shocked
0%
GDDL 1 Gold Temple
0%
Kria Pack ILLUSION OF SPACE
0%
12 Demons of Christmas Inside
0%
Memory Expert Knot
0%
GDDL 2 Lunatic Doom Machine
0%
Memory Expert Mucho Fuego
0%
GDDL 1 One Space
0%
GDDL 2 Quest For Perfection
0%
1.9 GDPS Pack Rewind
0%
Memory Expert smohcs
0%
Kria Pack SourCream II
0%
12 Demons of Christmas Star Party
0%
2-Player Solo Pack Star Power
0%
GDDL 1 Techno Punk
0%
#GD10 The Eschaton
0%
GDDL 1 The Realistic
0%
Kria Pack Turbo Overdrive
0%
Memory Novice Vibrancy
0%
No matching quizzes found
Score Distribution
Percent of People with Each Score
Percentile by Number Answered
Your Score History
You have not taken this quiz